Unicornie. (Záznam č. 34186)

Podrobnosti MARC
000 -Návěští
Řídící pole kódované 24B 01749nam a2200421 i 4500
001 - Kontrolní číslo
Řídící pole proměnné nkc20243599833
003 - Identifikátor kontrolního čísla
Řídící pole proměnné CZ PrSKC
005 - Datum posledního zpracování
Řídící pole 16B 20260417092819.0
007 - Pole pevné délky pro fyzický popis
Řídící pole kódované ta
008 - Údaje pevné délky
Řídící pole kódované 40B 240404s2024 xr a b 000 j cze
020 ## - ISBN
ISBN 9788000073231
Dostupnost Kč 269,00
040 ## - Zdroj katalogizace-agentura
Agentura původní katalogizace ABG001
Jazyk katalogizace cze
Použitá pravidla popisu rda
041 1# - Kód jazyka
Kód jazyka textu/zvuku, mezititulků cze
Kód jazyka originálu spa
072 #7 - Kód předmětové kategorie - Konspekt
Předmětová kategorie 821.134.2-3
Zpřesnění předmětové kategorie Španělská próza, španělsky psaná
Zdroj předmětové klasifikace Konspekt
072 #7 - Kód předmětové kategorie - Konspekt
Předmětová kategorie 821-93
Zpřesnění předmětové kategorie Literatura pro děti a mládež (beletrie)
Zdroj předmětové klasifikace Konspekt
080 ## - MDT
Klasifikační znak MDT 821.134.2-32
Idetifikátor vydání MDT MRF
080 ## - MDT
Klasifikační znak MDT 821-93
Idetifikátor vydání MDT MRF
080 ## - MDT
Klasifikační znak MDT (0:82-32)
Idetifikátor vydání MDT MRF
100 1# - Hlavní záhlaví - osobní jméno autora
Osobní jméno Punset, Ana,
Datumy související se jménem 1981-
Kód role aut
9 (RLIN) 20666
240 10 - Unifikovaný název
Unifikovaný název <a href="Lío con brilli-brilli.">Lío con brilli-brilli.</a>
Jazyk díla Česky
245 10 - Údaje o názvu
Název Unicornie.
Název části/sekce díla Třpytky všude, kam se podíváš /
Údaj o odpovědností, atd. Ana Punset ; ilustrovala Diana Vicedo ; ze španělského originálu Un lío con brilli-brilli ... přeložila Ilona Staňková
246 30 - Variantní vázvy
Hlavní název/zkrácený název Třpytky všude, kam se podíváš
250 ## - Údaje o vydání
Označení vydání 1. vydání
264 #1 - Nakladatelské údaje
Místo vydání V Praze :
Nakladatel Albatros,
Rok vydání 2024
300 ## - Fyzický popis
Rozsah 121 stran :
další fyzické údaje barevné ilustrace ;
Rozměry 21 cm
500 ## - Všeobecná poznámka
Text obecné poznámky Na hřbetu knihy označení: 1
520 2# - Anotace
Anotace, atd. Klaudie nastupuje do školy svých snů, kde se bude učit létat.
Rozšířený text anotace Klaudie se s rodiči přestěhovala do města Unicornie. Ve škole kouzel ji tu kromě výuky lektvarů a dalších magických předmětů čekají i hodiny létání s jednorožcem Chai. Vznést se k oblakům však není tak snadné, jak to vypadá.
546 ## - Poznámka o jazyku
Poznámka o jazyku Český text
655 #7 - Rejstříkový termín - žánr/forma
Žánr/forma či základní termín španělské příběhy
-- 6044
655 #7 - Rejstříkový termín - žánr/forma
Žánr/forma či základní termín publikace pro děti
655 #9 - Rejstříkový termín - žánr/forma
Žánr/forma či základní termín Spanish stories
-- 6045
655 #9 - Rejstříkový termín - žánr/forma
Žánr/forma či základní termín children's literature
700 1# - Vedlejší záhlaví - osobní jméno autora
Osobní jméno Vicedo, Diana
Kód role ill
9 (RLIN) 20667
700 1# - Vedlejší záhlaví - osobní jméno autora
Osobní jméno Staňková, Ilona
Kód role trl
9 (RLIN) 20668
765 0# - Záhlaví v originálním jazyce
Název Unicornia
910 ## - Údaje o vlastníkovi jednotky (exempláře)
Sigla vlastníka jednotky ABG508
Jednotky
Stav ztráty Zdroj klasifikace pro skladování Stav poškození
  Universal Decimal Classification  

Používáme knihovní systém Koha